000 00627nam a2200193Ia 4500
003 LK-CoDNM
005 20240227150024.0
008 010623t xxu||||| |||| 00| 1 sin d
040 _aLK-CoDNM
_dLK-CoDNM
_eLK-CoDNM
041 _asin
080 _a104 V14
245 _aඑංගලන්තය ස්කොට්ලන්තය සහ අයර්ලන්තය අවට චිත්‍ර වර්ණ සංචාරණයක්
246 _aPictorial tour round england scotland and ireland
300 _bDamaged
_a127p., iill, 28 cm
650 _aEngland
650 _aIreland
650 _aScotland
942 _cBK
999 _c137628
_d137628